| 000 | 00864nam a2200265Ia 4500 | ||
|---|---|---|---|
| 003 | GCL | ||
| 008 | 140319s9999 xx 000 0 ara d | ||
| 040 |
_aGCL / _cGCL |
||
| 082 | 0 | 4 |
_aط _b607 _bد س |
| 100 | 1 | _aانور محمود عبد الواحد | |
| 245 | 1 | 0 |
_aارضنا / _cانور محمود عبد الواحد |
| 700 | 1 | _aنورمان هوس | |
| 700 | 1 | _aكلايتون نايت | |
| 700 | 1 | _aمحمد محمود الصياد | |
| 700 | 1 | _aسمير داغر | |
| 700 | 1 | _aعطاالله خلف الوينى | |
| 700 | 1 | _aسيد رمضان هدارة | |
| 700 | 1 | _aاحمد على عمر \\=aامام ابراهيم احمدv | |
| 260 |
_a[S.N] : _bدار الشروق ، _c1973 |
||
| 300 | _a48 ص | ||
| 490 |
_aسلسلة كيف ولماذا _v0 |
||
| 650 | 0 | 4 | _aاطفال |
| 650 | 0 | 4 | _aالقصص العلمية |
| 942 |
_2ddc _cBK |
||
| 999 |
_c56932 _d56932 |
||